Najwyższe budynki na świecie - Statystyki

Ogólne statystyki
  • Ten quiz został rozwiązany 10 razy
  • Średni wynik to 3 z 20
Statystyki odpowiedzi
Miejsce Wysokość Budynek % Poprawnych
1. 828.0m Burj Khalifa
89%
3. 632.0m Shanghai Tower
33%
11. 508.0m Taipei 101
33%
6. 554.5m Lotte World Tower
22%
2. 678.9m Merdeka 118
22%
7. 541.3m One World Trade Center
22%
15. 472.4m Central Park Tower
11%
8. 530.0m Guangzhou CTF Finance Centre
11%
13. 484.0m International Commerce Centre
11%
16. 462.0m Lakhta Center
11%
5. 599.1m Ping An International Finance Centre
11%
12. 492.0m Shanghai World Financial Center
11%
8. 530.0m Tianjin CTF Finance Centre
11%
4. 601.0m Abraj Al Bait Clock Tower
0%
20. 452.1m Changsha IFS Tower T1
0%
18. 458.0m Chongqing International Land Sea Center
0%
10. 527.7m CITIC Tower
0%
17. 461.2m Landmark 81
0%
19. 453.6m The Exchange 106
0%
14. 475.6m Wuhan Greenland Center
0%
Nie znaleziono quizów pasujących do podanych kryteriów
Rozkład punktacji
Procent ludzi z każdym wynikiem
Percentyl według liczby udzielonych odpowiedzi
Twoja historia wyników
Nie rozwiązałeś tego quizu